بيا با ں سے پہلے (Record no. 169672)

MARC details
000 -LEADER
fixed length control field 00606nam a22001937a 4500
005 - DATE AND TIME OF LATEST TRANSACTION
control field 20191128162707.0
010 ## - LCCN (DPL NO)
LC control number UR-10637
020 ## - INTERNATIONAL STANDARD BOOK NUMBER
Terms of availability 93.00
International Standard Book Number 9789383736770
035 ## - SYSTEM CONTROL NUMBER
System control number U-9192
037 ## - SOURCE OF ACQUISITION
Source of stock number/acquisition DBAD/PUB
Stock number -
082 ## - DEWEY DECIMAL CLASSIFICATION NUMBER
Classification number ک
100 ## - MAIN ENTRY--PERSONAL NAME
Personal name غيا ث ا کمل
245 ## - TITLE STATEMENT
Title بيا با ں سے پہلے
Statement of responsibility, etc غيا ث ا کمل
246 ## - VARYING FORM OF TITLE
Remainder of title Bayaban Se Pehle (Urdu)
Title proper/short title byGayas Akmal
260 ## - PUBLICATION, DISTRIBUTION, ETC. (IMPRINT)
Place of publication, distribution, etc Delhi
Name of publisher, distributor, etc Educational Publishing House
Date of publication, distribution, etc 2019 ء
270 ## - ADDRESS
Address 3191,Vakil Street, Kucha Pandit,Lal Kuan,
City Delhi
Postal code 110006
Telephone number 01123216162
Fax number -
300 ## - PHYSICAL DESCRIPTION
Extent 136 ص
Dimensions 22 Cm(Hb)
942 ## - ADDED ENTRY ELEMENTS (KOHA)
Source of classification or shelving scheme Dewey Decimal Classification
Item type Urdu Bks
Classification part ک
Call number suffix ا ک م
Holdings
Withdrawn status Lost status Not for loan Collection code Home library Current library Date acquired Source of acquisition Cost, normal purchase price Full call number Barcode Copy number Cost, replacement price Koha item type
    Not For Loan Fiction D.B.Act.Division D.B.Act.Division 28/11/2019 DBAD/PUB 93.00 ک ا ک م U-9192 1 93.00 Urdu Bks

© Delhi Public Library
Hit Counter
free hit counter